| 000 | 00646nam a22002057a 4500 | ||
|---|---|---|---|
| 003 | PILC | ||
| 005 | 20151029100749.0 | ||
| 008 | 130906t xxu||||| |||| 00| 0 eng d | ||
| 020 | _a9780721409733 | ||
| 050 |
_aPZ 7 _b.G761 1986 |
||
| 082 |
_aHS 823.914 _bG76Sp 1986 |
||
| 100 |
_aGrant , John _916808 |
||
| 245 |
_aShe-Ra princess of power : _bSpirit of kidnapped _cJohn Grant |
||
| 260 |
_aUK : x _bUK : Ladybird Books Ltd, _cc1986. |
||
| 300 |
_a43 p. : _bcol. ill. ; _c18 cm. |
||
| 650 |
_aShe-Ra (Fictitious character) _xFiction _916809 |
||
| 650 |
_aSpirit (Fictitious character) _xFiction _916810 |
||
| 942 |
_2lcc _cBK |
||
| 999 |
_c10489 _d10489 |
||